Statistics for Pokémon starting with an A (generation 1-7)

Click here to take the quiz!

General Stats

  • This quiz has been taken 8 times
  • The average score is 19 of 34

Answer Stats

GenPokémon% Correct
1Abra
100%
1Alakazam
100%
1Aerodactyl
71%
2Ampharos
71%
3Anorith
71%
1Arbok
71%
1Arcanine
71%
3Aggron
57%
2Aipom
57%
6Amaura
57%
4Ambipom
57%
4Arceus
57%
5Archen
57%
5Archeops
57%
2Ariados
57%
3Armaldo
57%
3Aron
57%
1Articuno
57%
5Audino
57%
6Aurorus
57%
6Avalugg
57%
5Axew
57%
4Azelf
57%
3Azurill
57%
4Abomasnow
43%
3Absol
43%
5Accelgor
43%
5Alomomola
43%
3Altaria
43%
5Amoonguss
43%
6Aromatisse
43%
2Azumarill
43%
6Aegislash
29%
7Araquanid
29%

Score Distribution

Percentile by Number Answered

Percent of People with Each Score

Your Score History

You have not taken this quiz